Literatura del siglo XX y cristianismo (Registro nro. 15739)

Detalles MARC
000 -CABECERA
Longitud fija campo de control 00734cam a2200205 a 4500
001 - NÚMERO DE CONTROL
Número de control ES-MaREB01259241-0
003 - IDENTIFICADOR DELl NÚMERO DE CONTROL
Identificador del número de control OSt
005 - FECHA Y HORA DE LA ÚLTIMA TRANSACCIÓN
Fecha y hora de la última transacción 20141204152104.0
008 - CÓDIGOS DE INFORMACIÓN DE LONGITUD FIJA
Códigos de información de longitud fija 120725s1960 d
040 ## - FUENTE DE LA CATALOGACIÓN
Centro transcriptor BMC
082 ## - NÚMERO DE LA CLASIFICACIÓN DECIMAL DEWEY
Númeroo de clasificación 200.800
100 1# - PUNTO DE ACCESO PRINCIPAL-NOMBRE DE PERSONA
Nombre de persona Moeller, Charles
9 (RLIN) 28354
Fechas asociadas al nombre 1912-1986
245 10 - MENCIÓN DE TÍTULO
Título Literatura del siglo XX y cristianismo
Número de parte o sección de la obra IV
Nombre de parte o sección de la obra La esperanza en Dios nuestro padre
Mención de responsabilidad, etc. Charles Moeller ; versión española de Valentín García Yebra
260 ## - PUBLICACIÓN, DISTRIBUCIÓN, ETC. (PIE DE IMPRENTA)
Lugar de publicación, distribución, etc. Madrid
Nombre del editor, distribuidor, etc. Gredos
Fecha de publicación, distribución, etc. 1960
300 ## - DESCRIPCIÓN FÍSICA
Extensión 662 p
Dimensiones 20 cm
505 ## - NOTA DE CONTENIDO CON FORMATO
Nota de contenido con formato En la port.: Ana Frank - Unamuno - Ch Du Bos - G. Marcel - Hochwälder - Péguy
650 24 - PUNTO DE ACCESO ADICIONAL DE MATERIA - TÉRMINO DE MATERIA
Término de materia o nombre geográfico como elemento inicial Cristianismo y literatura
9 (RLIN) 11897
700 1# - PUNTO DE ACCESO ADICIONAL - NOMBRE DE PERSONA
9 (RLIN) 10459
Nombre de persona García Yebra, Valentín
Fechas asociadas al nombre 1917-2010
942 ## - ENTRADA DE ELEMENTOS AGREGADOS (KOHA)
Fuente de clasificaión o esquema Dewey Decimal Classification
Koha [por defecto] tipo de item 1- Monografias
Existencias
Suprimido Perdido Fuente de clasificación o esquema Estropeado Restricciones de uso No para préstamo Código de colección Localización permanente Localización actual Localización en estanter&íacute;as Fecha adquisición Fuente de adquisición Número de inventario Préstamos totales Signatura completa Código de barras Fecha última consulta Fecha del precio de reemplazo Tipo de item de Koha
NULL NULL Dewey Decimal Classification NULL Prestable NULL NULL Biblioteca Miguel de Cervantes - UNICAES Biblioteca Miguel de Cervantes - UNICAES Sala Principal 29/07/2003 Donación - UNAV. 024690   200.800 MOE lit 1025100 15/11/2014 15/11/2014 1- Monografias